[Event "2005 Standard Chess Dropout Tournament, Round 1"]
[Site "SchemingMind.com"]
[Date "2004.12.13"]
[Round "1"]
[White "Harold"]
[Black "Valverde"]
[Result "0-1"]
[WhiteCountry "GBR"]
[BlackCountry "ESP"]
[WhiteElo "1513"]
[WhiteRD "83"]
[BlackElo "1778"]
[BlackRD "142"]
[GameID "6150"]

1. e4 e5 2. Nf3 Nc6 3. d4 exd4 4. Nxd4 Nf6 5. Nc3 Bb4 6. Bd3 Nxd4 7. Be3 Nc6 8. O-O Bxc3 9. bxc3 O-O 10. Bg5 h6
11. Bh4 g5 12. Bg3 d6 13. c4 Re8 14. Re1 Bg4 15. Qb1 Nh5 16. Qxb7 Ne5 17. h3 Bd7 18. Qd5 Nxg3 19. fxg3 Bxh3 20. gxh3 c6
21. Qxe5 dxe5 22. c5 Qd4+ 23. Kh2 Qf2+ 24. Kh1 Qxg3
0-1

[Event "2005 Standard Chess Dropout Tournament, Round 1"]
[Site "SchemingMind.com"]
[Date "2004.12.13"]
[Round "1"]
[White "Huima"]
[Black "bamuang"]
[Result "1-0"]
[WhiteCountry "FIN"]
[BlackCountry "SUI"]
[WhiteElo "1585"]
[WhiteRD "133"]
[BlackElo "1326"]
[BlackRD "163"]
[GameID "6152"]

1. e4 e5 2. Nf3 Nc6 3. Bb5 a6 4. Ba4 Be7 5. O-O b5 6. Bb3 Nf6 7. Re1 Bc5 8. c3 d5 9. d4 dxe4 10. Nxe5 Nxe5
11. dxc5 O-O 12. Qxd8 Rxd8 13. Bg5 Nd3 14. Bxf6 gxf6 15. Rxe4 Nxb2 16. Na3 Nd3 17. Rd1 Bf5 18. Re7 Be6 19. Bxe6 fxe6 20. Rxc7 Nxc5
21. Rxd8+ Rxd8 22. g3 Na4 23. c4 bxc4 24. Rxc4 Nb2 25. Rc6
1-0

[Event "2005 Standard Chess Dropout Tournament, Round 1"]
[Site "SchemingMind.com"]
[Date "2004.12.13"]
[Round "1"]
[White "IncitatoX"]
[Black "Jorge Anibal DEKMAK"]
[Result "0-1"]
[WhiteCountry "ARG"]
[BlackCountry "ARG"]
[WhiteElo "1353"]
[WhiteRD "87"]
[BlackElo "2002"]
[BlackRD "115"]
[GameID "6153"]

1. e4 e5 2. Nf3 Nf6 3. d3 Nc6 4. Bg5 d5 5. exd5 Qxd5 6. c4 Qd6 7. Nc3 Bf5 8. Nb5 Qb4+ 9. Bd2 Qe7 10. Be2 O-O-O
11. Nh4 Bxd3 12. Nf5 Bxf5 13. Bf3 e4 14. O-O exf3 15. Re1 Be6 16. gxf3 Qc5 17. Qc2 Qxc4 18. Nc3 Nd4 19. Qd1 Nxf3+ 20. Qxf3 Rxd2
21. Rac1 Qg4+ 22. Qxg4 Nxg4 23. Nb5 Nxf2 24. Nxa7+ Kb8 25. Nb5 Nh3+ 26. Kf1 Rf2#
0-1

[Event "2005 Standard Chess Dropout Tournament, Round 1"]
[Site "SchemingMind.com"]
[Date "2004.12.14"]
[Round "1"]
[White "jay_3july"]
[Black "Grobber"]
[Result "0-1"]
[WhiteCountry "IND"]
[BlackCountry "ISL"]
[WhiteElo "1276"]
[WhiteRD "116"]
[BlackElo "1393"]
[BlackRD "102"]
[GameID "6156"]

1. d4 Nf6 2. Nc3 d5 3. h3 g6 4. Nf3 Bg7 5. a3 O-O 6. e3 Nc6 7. Bb5 Bd7 8. Qd3 a6 9. Bxc6 Bxc6 10. O-O Ne4
11. Nxe4 dxe4 12. Qe2 exf3 13. gxf3 Qd5 14. e4 Qh5 15. d5 Bb5 16. c4 Bd7 17. Re1 Qxh3 18. Qe3 f5 19. f4 fxe4 20. Qxe4 Qg4+
21. Kf1 Qh5 22. Re3 Bg4 23. d6 Bd4 24. Rg3 Bb6 25. dxe7 Rfe8 26. Qxb7 Rab8 27. Qc6 Rxe7 28. Qf6 Qh1+ 29. Rg1 Be2+ 30. Ke1 Qxg1+
31. Kd2 Qd1+ 32. Kc3 Qd3+ 33. Kb4 Qxc4#
0-1

[Event "2005 Standard Chess Dropout Tournament, Round 1"]
[Site "SchemingMind.com"]
[Date "2004.12.13"]
[Round "1"]
[White "Jorge Anibal DEKMAK"]
[Black "Greg Magne"]
[Result "1/2-1/2"]
[WhiteCountry "ARG"]
[BlackCountry "CAN"]
[WhiteElo "2016"]
[WhiteRD "101"]
[BlackElo "1833"]
[BlackRD "105"]
[GameID "6158"]

1. e4 c6 2. d4 d5 3. Nc3 dxe4 4. Nxe4 Nd7 5. Nf3 Ndf6 6. Neg5 Bg4 7. Nxf7 Bxf3 8. Nxd8 Bxd1 9. Ne6 Bxc2 10. Nc7+ Kd7
11. Nxa8 e6 12. Bd2 Bd6 13. Bc4 Ne7 14. Rc1 Be4 15. O-O Rxa8 16. a4 Ned5 17. f3 Bg6 18. Rfe1 Re8 19. g3 e5 20. dxe5 Rxe5
21. Red1 Ne3 22. Bxe3 Rxe3 23. Kf2 Re7 24. Rd2 Bf7 25. Bxf7 Rxf7 26. Rc4 Nd5 27. Re4 Kc7 28. a5 Bb4 29. Rxd5 cxd5 30. Rxb4 Re7
31. Rh4 g6=
1/2-1/2

[Event "2005 Standard Chess Dropout Tournament, Round 1"]
[Site "SchemingMind.com"]
[Date "2004.12.13"]
[Round "1"]
[White "JPT"]
[Black "roscoe"]
[Result "1-0"]
[WhiteCountry "INT"]
[BlackCountry "USA"]
[WhiteElo "1760"]
[WhiteRD "91"]
[BlackElo "1485"]
[BlackRD "87"]
[GameID "6159"]

1. e4 d6 2. d4 Nd7 3. Nf3 b6 4. Bc4 Ngf6 5. Ng5 e6 6. Nc3 g6 7. f4 Bg7 8. e5 dxe5 9. fxe5 Nh5 10. Qf3 O-O
11. Qxa8 c5 12. Qf3 cxd4 13. Nce4 Bb7 14. Qe2 Nxe5 15. Bb3 d3 16. cxd3 Nxd3+ 17. Kf1 Nxc1 18. Rxc1 Nf6 19. Nxf6+ Qxf6+ 20. Nf3 Bh6
21. Rc2 Kg7 22. Kf2 Bf4 23. Ke1 Rd8 24. Rf1 Bxf3 25. Rxf3 Qd4 26. Rc4 Qe5 27. Rfxf4 Qa5+ 28. Kf1 Rd2 29. Rxf7+
1-0

[Event "2005 Standard Chess Dropout Tournament, Round 1"]
[Site "SchemingMind.com"]
[Date "2004.12.13"]
[Round "1"]
[White "juanca"]
[Black "DavidShakeshaft"]
[Result "1-0"]
[WhiteCountry "ESP"]
[BlackCountry "GBR"]
[WhiteElo "1547"]
[WhiteRD "207"]
[BlackElo "1217"]
[BlackRD "140"]
[GameID "6160"]

1. e4 d5 2. exd5 Qxd5 3. Nc3 Qd6 4. Nf3 Nc6 5. Be2 Nf6 6. O-O g6 7. d3 h5 8. Nb5 Qe6 9. Nxc7+ Kd8 10. Nxe6+ fxe6
11. Ng5 Ne5 12. d4 Nc6 13. Nf7+ Ke8 14. Nxh8 Bg7 15. Nxg6 Kf7 16. Nf4 h4 17. Re1 Bd7 18. Bc4
1-0

[Event "2005 Standard Chess Dropout Tournament, Round 1"]
[Site "SchemingMind.com"]
[Date "2004.12.14"]
[Round "1"]
[White "Kaspov"]
[Black "diego"]
[Result "1-0"]
[WhiteCountry "ARG"]
[BlackCountry "ARG"]
[WhiteElo "1352"]
[WhiteRD "100"]
[BlackElo "1283"]
[BlackRD "135"]
[GameID "6161"]

1. e4 e6 2. d4 d5 3. e5 c5 4. Bb5+ Bd7 5. Bxd7+ Qxd7 6. c3 Qb5 7. a4 Qa5 8. Bd2 cxd4 9. cxd4 Bb4 10. Bxb4 Qxb4+
11. Qd2 Nc6 12. Qxb4 Nxb4 13. Na3 Nd3+ 14. Ke2 Nxb2 15. Nb5 Nc4 16. Nc7+ Kd7 17. Nxa8 Ne7 18. Rb1 b6 19. Nxb6+ Nxb6 20. a5 Nbc8
21. Nf3 Rd8 22. Rhc1 a6 23. Ng5 Nf5 24. Kd3 f6 25. Rb7+ Ke8 26. Nxe6 Rd7 27. Rxc8+ Ke7 28. Nc5 Rxb7 29. Nxb7 Kf7 30. Ra8 Nh4
31. g3 Nf3 32. exf6 gxf6 33. Rxa6 Nxh2 34. Rd6 Ng4 35. f3
1-0

[Event "2005 Standard Chess Dropout Tournament, Round 1"]
[Site "SchemingMind.com"]
[Date "2004.12.14"]
[Round "1"]
[White "kilmeister"]
[Black "Austin Lockwood"]
[Result "0-1"]
[WhiteCountry "USA"]
[BlackCountry "ENG"]
[WhiteElo "1362"]
[WhiteRD "256"]
[BlackElo "1578"]
[BlackRD "70"]
[GameID "6162"]

1. d4 Nc6 2. Nf3 d5 3. c3 Nf6 4. e3 Bg4 5. Be2 e6 6. O-O Bd6 7. Nbd2 O-O 8. Ng5 Bxe2 9. Qxe2 h6 10. Ngf3 a5
0-1

[Event "2005 Standard Chess Dropout Tournament, Round 1"]
[Site "SchemingMind.com"]
[Date "2004.12.13"]
[Round "1"]
[White "KingPiece52"]
[Black "alanwo"]
[Result "0-1"]
[WhiteCountry "USA"]
[BlackCountry "ENG"]
[WhiteElo "1131"]
[WhiteRD "126"]
[BlackElo "1644"]
[BlackRD "85"]
[GameID "6163"]

1. d4 d5 2. c4 e6 3. Nc3 Nf6 4. Nf3 c5 5. e3 Nc6 6. Be2 Be7 7. O-O O-O 8. b3 b6 9. Ba3 cxd4 10. exd4 Bxa3
11. Bd3 Bb2 12. Rb1 Bxc3 13. Rc1 Bxd4 14. Nxd4 Nxd4 15. f4 Nf5 16. Re1 dxc4 17. bxc4 Bb7 18. Re2 Qd4+ 19. Rf2 Rad8 20. Be2 Ne4
21. Qf1 Qxf2+ 22. Qxf2 Nxf2
0-1

[Event "2005 Standard Chess Dropout Tournament, Round 1"]
[Site "SchemingMind.com"]
[Date "2004.12.13"]
[Round "1"]
[White "KnightRampant"]
[Black "iuliusro"]
[Result "1-0"]
[WhiteCountry "USA"]
[BlackCountry "ROU"]
[WhiteElo "2027"]
[WhiteRD "136"]
[BlackElo "1381"]
[BlackRD "148"]
[GameID "6164"]

1. c4 c6 2. g3 Nf6 3. Bg2 e5 4. d4 e4 5. Nc3 Bb4 6. Bd2 Bxc3 7. Bxc3 O-O 8. e3 d5 9. cxd5 cxd5 10. Ne2 Nc6
11. O-O b5 12. Rc1 Qd6 13. Bd2
1-0

[Event "2005 Standard Chess Dropout Tournament, Round 1"]
[Site "SchemingMind.com"]
[Date "2004.12.13"]
[Round "1"]
[White "Knightstar"]
[Black "Pen2Paper"]
[Result "1-0"]
[WhiteCountry "ENG"]
[BlackCountry "CAN"]
[WhiteElo "1657"]
[WhiteRD "95"]
[BlackElo "1457"]
[BlackRD "124"]
[GameID "6165"]

1. e4 e6 2. d4 b6 3. Nf3 Bb7 4. Bd3 Nc6 5. c3 Nf6 6. O-O d5 7. Bg5 Be7 8. Bxf6 Bxf6 9. e5 Be7 10. Re1 O-O
11. Bc2 g6 12. Nbd2 f6 13. exf6 Rxf6 14. Ne5 Nxe5 15. dxe5 Rf8 16. Nf3 c5 17. h3 d4 18. cxd4 Bxf3 19. gxf3 cxd4 20. Qd3 Bh4
21. Re4 Qg5+ 22. Rg4 Qxe5 23. Rxh4 Rf7 24. Rg4 Raf8 25. Rg3 Qd5 26. Kg2 Rf5 27. Bb3 Qe5 28. Rd1 Rg5 29. Bxe6+ Kh8 30. Qxd4 Rxg3+
31. fxg3 Qxd4 32. Rxd4 Re8 33. Bc4 h5 34. Rd7 g5 35. Rxa7 Rc8 36. Bd3 h4 37. gxh4 gxh4 38. Rh7+ Kg8 39. Rxh4 Rd8 40. Bc4+ Kg7
41. b4 Rd2+ 42. Kg3 b5 43. Bb3 Rb2 44. Rh5 Rb1 45. Rxb5 Kf6 46. h4 Rg1+ 47. Kf4 Kg7 48. Rg5+ Rxg5 49. Kxg5
1-0

[Event "2005 Standard Chess Dropout Tournament, Round 1"]
[Site "SchemingMind.com"]
[Date "2004.12.13"]
[Round "1"]
[White "kryspin13"]
[Black "Thegreatpolgar"]
[Result "0-1"]
[WhiteCountry "POL"]
[BlackCountry "DEN"]
[WhiteElo "1617"]
[WhiteRD "131"]
[BlackElo "1960"]
[BlackRD "154"]
[GameID "6166"]

1. c4 g6 2. Nc3 Bg7 3. d4 c5 4. Nf3 cxd4 5. Nxd4 Nc6 6. e3 Nh6 7. Be2 O-O 8. O-O d6 9. b3 Nxd4 10. exd4 Nf5
11. Be3 e5 12. dxe5 Bxe5
0-1

[Event "2005 Standard Chess Dropout Tournament, Round 1"]
[Site "SchemingMind.com"]
[Date "2004.12.13"]
[Round "1"]
[White "langhab"]
[Black "Gary"]
[Result "0-1"]
[WhiteCountry "PHI"]
[BlackCountry "ENG"]
[WhiteElo "1710"]
[WhiteRD "117"]
[BlackElo "1686"]
[BlackRD "60"]
[GameID "6168"]

1. e4 c5 2. Nf3 d6 3. d4 cxd4 4. Nxd4 Nf6 5. Nc3 a6 6. a3 e5 7. Nf3 Be7 8. Bc4 O-O 9. O-O Nc6 10. Be3 b5
11. Bd5 Bb7 12. b4 Rc8 13. Ne2 Nxd5 14. exd5 Nb8 15. Rc1 Nd7 16. c4 bxc4 17. Nc3 Nf6 18. Bg5 a5 19. b5 Rc5 20. Be3 Rc8
21. a4 Nd7 22. Re1 f5 23. Rc2 f4 24. Bc1 Rc5 25. Ba3 Rc7 26. Qe2 Nf6 27. Rd1 Qa8 28. Rcd2 h6 29. h3 Nd7 30. Ne4 Nb6
31. Bxd6 Bxd6 32. Nxd6 Bxd5 33. Qxe5 Bxf3 34. gxf3 Qxf3 35. Nf5 Rcf7 36. Rd8 Rxf5 37. Qe6+ Kh7
0-1

[Event "2005 Standard Chess Dropout Tournament, Round 1"]
[Site "SchemingMind.com"]
[Date "2004.12.14"]
[Round "1"]
[White "latvija"]
[Black "Ninaber"]
[Result "1-0"]
[WhiteCountry "USA"]
[BlackCountry "NED"]
[WhiteElo "1948"]
[WhiteRD "179"]
[BlackElo "1986"]
[BlackRD "155"]
[GameID "6169"]

1. e4 c5 2. Nc3 Nc6 3. Bb5 Nd4 4. Bc4 g6 5. Nf3 Bg7 6. Nxd4 cxd4 7. Qf3 Nh6 8. Ne2 O-O 9. d3 d6 10. h3 Be6
11. Nxd4 Bxc4 12. Bxh6 Bxh6 13. dxc4 Qb6 14. Nb3 a5 15. c3 a4 16. Nd4 Qxb2 17. O-O Rfb8 18. Rfb1 Qd2 19. Rd1 Qg5 20. Rab1 Qc5
21. Qe2 Bg7 22. Rb5 Qc7 23. Rdb1 Ra6 24. Qd3 e6 25. f4 Qc8 26. f5 Be5 27. Rf1 a3 28. Kh1 Ra4 29. Rb4 Ra6 30. fxe6 fxe6
31. Qf3 Kh8 32. Qf7 b6 33. Nxe6 Qc6 34. Qf8+
1-0

[Event "2005 Standard Chess Dropout Tournament, Round 1"]
[Site "SchemingMind.com"]
[Date "2004.12.13"]
[Round "1"]
[White "lea_dc"]
[Black "ohfreak"]
[Result "1-0"]
[WhiteCountry "ARG"]
[BlackCountry "USA"]
[WhiteElo "1598"]
[WhiteRD "79"]
[BlackElo "1270"]
[BlackRD "189"]
[GameID "6170"]

1. e4 Nf6 2. e5 Nd5 3. c4 Nb6 4. d4 d6 5. f4 Bf5 6. Nf3 e6 7. Be2 h6 8. O-O Be7 9. Nc3 c6 10. exd6 Bf6
11. c5 Nd5 12. Nxd5 exd5 13. Ne5 Nd7 14. Bh5 O-O 15. Re1 g6 16. Bf3 Kh7 17. Qb3 Bg7 18. Qxb7 Nxe5 19. fxe5 Qe8 20. Bf4 g5
21. Bg3 Bc8 22. Qxa8 Qe6 23. Qxc6 Bd7 24. Qb7 a5 25. Bxd5 Qg4 26. Rad1 h5 27. Bf3 Qe6 28. Bxh5 Be8 29. c6 Bxc6 30. Qxc6 Rc8
31. Qf3 Qxa2 32. Qf5+ Kh6 33. Qxc8 Kxh5 34. d7
1-0

[Event "2005 Standard Chess Dropout Tournament, Round 1"]
[Site "SchemingMind.com"]
[Date "2004.12.13"]
[Round "1"]
[White "libertango"]
[Black "AdamMorris"]
[Result "1-0"]
[WhiteCountry "ITA"]
[BlackCountry "ENG"]
[WhiteElo "1759"]
[WhiteRD "211"]
[BlackElo "1318"]
[BlackRD "89"]
[GameID "6171"]

1. d4 f5 2. e4 Nf6 3. exf5 d5 4. Bd3 Nc6 5. Nf3 Nb4 6. O-O Bd7 7. Re1 a6 8. Bg5 Nxd3 9. Qxd3 Qc8 10. Nh4 h6
11. Bxf6 gxf6 12. Nc3 c6 13. Re3 Qc7 14. Rae1 Rg8 15. Ng6 O-O-O 16. Nxf8 Rdxf8 17. Rxe7 Rg5 18. Na4 Rfg8 19. g3 Qa5 20. Nc5 Qc7
21. Nxd7 Qa5 22. Nxf6 Qxa2 23. Nxg8 Rxg8 24. f6 Kd8 25. f7 Rh8 26. Qf5
1-0

[Event "2005 Standard Chess Dropout Tournament, Round 1"]
[Site "SchemingMind.com"]
[Date "2004.12.14"]
[Round "1"]
[White "loco61"]
[Black "kryspin13"]
[Result "0-1"]
[WhiteCountry "ENG"]
[BlackCountry "POL"]
[WhiteElo "1530"]
[WhiteRD "65"]
[BlackElo "1631"]
[BlackRD "131"]
[GameID "6172"]

1. e4 c5 2. Nf3 e6 3. d4 cxd4 4. Nxd4 Nf6 5. Nc3 d6 6. Bd3 Be7 7. Be3 a6 8. Qf3 Nbd7 9. O-O-O Ne5 10. Qe2 Bd7
11. h3 Rc8 12. f4 Nxd3+ 13. Qxd3 Qc7 14. Rd2 O-O 15. g4 b5 16. g5 b4 17. Nce2 Nh5 18. Rhd1 g6 19. h4 e5 20. fxe5 dxe5
21. Nb3 Bb5 22. c4 Bxc4 23. Qc2 Bxb3 24. axb3 Qa5 25. Nc3 bxc3 26. bxc3 Rxc3 27. Qxc3 Qxc3+
0-1

[Event "2005 Standard Chess Dropout Tournament, Round 1"]
[Site "SchemingMind.com"]
[Date "2004.12.13"]
[Round "1"]
[White "luismansilla"]
[Black "Bass CCelik"]
[Result "0-1"]
[WhiteCountry "ESP"]
[BlackCountry "BRA"]
[WhiteElo "1539"]
[WhiteRD "141"]
[BlackElo "1892"]
[BlackRD "151"]
[GameID "6175"]

1. e4 d6 2. d4 Nf6 3. Nc3 g6 4. Nf3 Bg7 5. Be3 O-O 6. Qd2 c6 7. Be2 Bg4 8. h3 Bxf3 9. Bxf3 Nbd7 10. h4 h5
11. Rg1 b5 12. d5 b4 13. Ne2 cxd5 14. exd5 a5 15. Nd4 Ne5 16. a3 bxa3 17. bxa3 Qc7 18. Rb1 Nxf3+ 19. Nxf3 Qc4 20. Rd1 Rfc8
21. Bd4 Qxc2 22. Qxc2 Rxc2 23. Rd2 Rac8 24. Bxf6 Bxf6 25. Ke2 R8c3 26. a4 Rxd2+ 27. Nxd2 Ra3 28. Ne4 Bxh4 29. g3 Bf6 30. Nxf6+ exf6
31. Rc1 Rxa4 32. Rc6 Kf8 33. Rxd6 Ke7 34. Ra6 f5 35. f3 f4 36. gxf4 Ra2+ 37. Kf1 Ra4 38. Kg2 Rxf4
0-1

[Event "2005 Standard Chess Dropout Tournament, Round 1"]
[Site "SchemingMind.com"]
[Date "2004.12.13"]
[Round "1"]
[White "Madocillo"]
[Black "Oskyrain"]
[Result "0-1"]
[WhiteCountry "GER"]
[BlackCountry "ARG"]
[WhiteElo "1809"]
[WhiteRD "227"]
[BlackElo "2017"]
[BlackRD "102"]
[GameID "6176"]

1. Nf3 d5 2. g3 c5 3. Bg2 Nc6 4. O-O e5 5. d3 Bd6 6. e4 d4 7. Nbd2 Nf6 8. c4 O-O 9. Ne1 a6 10. f4 exf4
11. gxf4 Ng4 12. Ndf3 Re8 13. h3 Ne3 14. Bxe3 dxe3 15. e5 Nd4 16. Nxd4 cxd4 17. Qf3 Bc5 18. Qg3 Qb6 19. Rb1 Bf5 20. b4 a5
21. b5 Bb4 22. Qg5 g6 23. Be4 Bxe4 24. dxe4 d3 25. Nxd3 e2+ 26. Rf2 Qe3
0-1

[Event "2005 Standard Chess Dropout Tournament, Round 1"]
[Site "SchemingMind.com"]
[Date "2004.12.13"]
[Round "1"]
[White "Mayaune"]
[Black "dvalade"]
[Result "1-0"]
[WhiteCountry "FRA"]
[BlackCountry "CAN"]
[WhiteElo "1238"]
[WhiteRD "93"]
[BlackElo "1262"]
[BlackRD "252"]
[GameID "6178"]

1. e4 e5 2. Nf3 Bd6 3. Bc4 Nf6 4. Ng5 O-O 5. d3 a6 6. Nxf7 Rxf7 7. Bxf7+ Kxf7 8. h4 h5 9. Bg5 Qg8 10. c3 Qh7
11. Qf3 Qg6 12. Nd2 b5 13. O-O-O Kg8 14. Rh3 Qf7 15. Rg3 Nc6 16. Bxf6 Qxa2 17. Rxg7+ Kf8 18. Bxe5+ Ke8 19. Qxh5+ Kf8 20. Qh8+ Qg8
21. Qxg8#
1-0

[Event "2005 Standard Chess Dropout Tournament, Round 1"]
[Site "SchemingMind.com"]
[Date "2004.12.15"]
[Round "1"]
[White "Mel"]
[Black "threefingers3558"]
[Result "1-0"]
[WhiteCountry "USA"]
[BlackCountry "USA"]
[WhiteElo "1493"]
[WhiteRD "70"]
[BlackElo "1510"]
[BlackRD "146"]
[GameID "6179"]

1. e4 h5 2. d4 b6 3. Bc4 Bb7 4. Nc3 e6 5. Nf3 Bb4 6. O-O Bxc3 7. bxc3 Bxe4 8. d5 Bxd5 9. Bxd5 exd5 10. Ba3 d6
11. Qxd5 Nd7 12. Ng5 Nh6 13. Bc1 O-O 14. Qe4 Nc5 15. Qh7#
1-0

[Event "2005 Standard Chess Dropout Tournament, Round 1"]
[Site "SchemingMind.com"]
[Date "2004.12.13"]
[Round "1"]
[White "Mitch The Man"]
[Black "C. H. O'D. Schlechter"]
[Result "0-1"]
[WhiteCountry "USA"]
[BlackCountry "USA"]
[WhiteElo "1315"]
[WhiteRD "102"]
[BlackElo "1929"]
[BlackRD "104"]
[GameID "6181"]

1. e4 d5 2. f3 e5 3. exd5 Qxd5 4. c4 Qd8 5. Qe2 Nc6 6. a3 Nf6 7. Qf2 Nd4 8. Ra2 Nb3 9. Ne2 Bc5 10. Qg3 O-O
11. d3 Nxc1 12. Nxc1 Nh5 13. Qxe5 Re8 14. Qxe8+ Qxe8+ 15. Kd1 Nf4 16. g3 Ne6 17. Nb3 Qa4
0-1

[Event "2005 Standard Chess Dropout Tournament, Round 1"]
[Site "SchemingMind.com"]
[Date "2004.12.13"]
[Round "1"]
[White "neoliminal"]
[Black "Raimondi"]
[Result "1/2-1/2"]
[WhiteCountry "CRC"]
[BlackCountry "PER"]
[WhiteElo "1491"]
[WhiteRD "164"]
[BlackElo "1575"]
[BlackRD "77"]
[GameID "6182"]

1. d4 d5 2. Bf4 Nf6 3. Nf3 e6 4. Nbd2 c5 5. e4 dxe4 6. Ne5 cxd4 7. Qe2 d3 8. cxd3 exd3 9. Nxd3 Bd6 10. h4 h5
11. Rc1 Nc6 12. g3 Ng4 13. f3 Nf6 14. Nc4 Bxf4 15. gxf4 Nd4 16. Qf2 b6 17. Rd1 Nf5 18. Nde5 Qc7 19. Rg1 Bb7 20. Bh3 O-O
21. Bxf5 exf5 22. Rxg7+ Kxg7 23. Qg1+ Kh7 24. Qg5 Bxf3 25. Qxf5+ Kg8 26. Qg5+=
1/2-1/2

[Event "2005 Standard Chess Dropout Tournament, Round 1"]
[Site "SchemingMind.com"]
[Date "2004.12.13"]
[Round "1"]
[White "NimbleKnight"]
[Black "Barry"]
[Result "1-0"]
[WhiteCountry "USA"]
[BlackCountry "GBR"]
[WhiteElo "1942"]
[WhiteRD "126"]
[BlackElo "1754"]
[BlackRD "87"]
[GameID "6183"]

1. e4 e5 2. Nf3 Nc6 3. Bb5 a6 4. Ba4 b5 5. Bb3 d6 6. O-O Bg4 7. h3 Bh5 8. c3 Nce7 9. d4 exd4 10. cxd4 d5
11. exd5 Nxd5 12. Re1+ Be7 13. Re5 Ngf6 14. Bxd5 Nxd5 15. Rxh5 O-O 16. Re5 c6 17. Qe1 Bf6 18. Re2 h6 19. Bd2 Qd7 20. Nc3 Rae8
21. Nxd5 cxd5 22. Bf4 Rxe2 23. Qxe2 Re8 24. Qd2 Qa7 25. Rc1
1-0

[Event "2005 Standard Chess Dropout Tournament, Round 1"]
[Site "SchemingMind.com"]
[Date "2004.12.15"]
[Round "1"]
[White "Ninaber"]
[Black "TripleBrain"]
[Result "1/2-1/2"]
[WhiteCountry "NED"]
[BlackCountry "GBR"]
[WhiteElo "1984"]
[WhiteRD "139"]
[BlackElo "1910"]
[BlackRD "154"]
[GameID "6184"]

1. e4 c5 2. Nf3 d6 3. d4 cxd4 4. Nxd4 Nf6 5. Nc3 a6 6. Be3 e5 7. Nb3 Be6 8. Be2 Be7 9. O-O Nbd7 10. f4 Qc7
11. f5 Bc4 12. Bxc4 Qxc4 13. Qf3 b5 14. a3 O-O 15. Nd2 Qc6 16. Kh1 a5 17. Bg5 Rfe8 18. Qd3 Nc5 19. Qf3 Ncd7 20. Qd3 Rac8
21. Rac1 b4 22. axb4 axb4 23. Nd5 Nxd5 24. exd5 Qc7 25. Bxe7 Rxe7 26. f6 Nxf6 27. Rxf6 gxf6 28. Ne4 Ree8 29. Nxf6+ Kf8 30. Qxh7 Qc4
31. Qh6+ Ke7 32. Nxe8 Rxe8 33. Ra1 Qd4 34. Rf1 Qxd5 35. Qh5 Rg8 36. Rf2 Rf8 37. Qf5 f6= 38. Rf1 Qd4 39. Ra1 Rf7 40. c3 bxc3
41. bxc3 Qxc3 42. Ra7+ Kf8 43. Ra8+=
1/2-1/2

[Event "2005 Standard Chess Dropout Tournament, Round 1"]
[Site "SchemingMind.com"]
[Date "2004.12.13"]
[Round "1"]
[White "Ogopogoman"]
[Black "charles"]
[Result "1-0"]
[WhiteCountry "USA"]
[BlackCountry "USA"]
[WhiteElo "1764"]
[WhiteRD "144"]
[BlackElo "1569"]
[BlackRD "171"]
[GameID "6185"]

1. d4 d5 2. Bg5 Nc6 3. e3 Bf5 4. c3 Qd6 5. Nf3 O-O-O 6. Bf4 Qd7 7. Bb5 h6 8. Ne5 Qe6 9. Nxc6 bxc6 10. Ba6+ Kd7
11. Nd2 Nf6 12. h3 g5 13. Be5 c5 14. Nb3 Qxa6 15. Nxc5+ Kc6 16. Nxa6 Rc8 17. Qa4+ Kb6 18. b4 Rg8 19. Qa5+
1-0

[Event "2005 Standard Chess Dropout Tournament, Round 1"]
[Site "SchemingMind.com"]
[Date "2004.12.13"]
[Round "1"]
[White "ohfreak"]
[Black "reptile"]
[Result "0-1"]
[WhiteCountry "USA"]
[BlackCountry "ISR"]
[WhiteElo "1474"]
[WhiteRD "126"]
[BlackElo "1910"]
[BlackRD "86"]
[GameID "6186"]

1. e4 e5 2. f4 exf4 3. Nf3 h6 4. Bc4 d6 5. d4 g5 6. O-O Nc6 7. Re1 Bg4 8. a3 Bg7 9. c3 Qd7 10. b4 a6
11. Bb2 Nge7 12. Nbd2 O-O 13. Qc2 Rad8 14. Ba2 Bh5 15. h3 Bg6 16. c4 Rfe8 17. d5 Ne5 18. c5 Bh7 19. Nxe5 dxe5 20. Qb3 Bg6
21. Nf3 Nc8 22. Rad1 g4 23. Nh4 Bh7 24. c6 bxc6 25. dxc6 Qe7 26. Nf5 Bxf5 27. exf5 gxh3 28. Qxh3 Nd6 29. Bxe5 Bxe5 30. Qxh6 Qf6
31. Qxf6 Bxf6 32. Rf1 Bg5 33. Rd5 Nb5 34. Rc5 Rd2 35. Bc4 f3 36. Rxf3 Be3+ 37. Rxe3 Rxe3 38. Bxb5 axb5 39. Rxb5 Rg3 40. Rb7 Rgxg2+
41. Kh1 Rge2
0-1

[Event "2005 Standard Chess Dropout Tournament, Round 1"]
[Site "SchemingMind.com"]
[Date "2004.12.13"]
[Round "1"]
[White "Oskyrain"]
[Black "pudutse"]
[Result "1-0"]
[WhiteCountry "ARG"]
[BlackCountry "ARG"]
[WhiteElo "2017"]
[WhiteRD "102"]
[BlackElo "1780"]
[BlackRD "102"]
[GameID "6187"]

1. d4 Nf6 2. c4 c5 3. e3 e6 4. a3 Nc6 5. d5 exd5 6. cxd5 d6 7. dxc6 bxc6 8. Nf3 Bg4 9. Nc3 d5 10. Be2 Bd6
11. Qa4 Qc7 12. Nxd5 Nxd5 13. Qxg4 O-O 14. O-O f5 15. Qc4 Rae8 16. Rd1 Re4 17. Qc2 Kh8 18. Bd3 Re6 19. Bxf5 Rh6 20. h3 Rhf6
21. e4 Ne7 22. Bg5 R6f7 23. Bxh7 Rxf3 24. gxf3 Rxf3 25. Kg2 Rf8 26. Bh4 Be5 27. Qxc5 Kxh7 28. Qxe7 Qxe7 29. Bxe7 Rf7 30. Bd6 Bxb2
31. Rab1 Bf6 32. Rbc1 Bh4 33. f4 Rf6 34. f5 c5 35. Rxc5
1-0

[Event "2005 Standard Chess Dropout Tournament, Round 1"]
[Site "SchemingMind.com"]
[Date "2004.12.13"]
[Round "1"]
[White "Pavl F"]
[Black "surfnsuds"]
[Result "1-0"]
[WhiteCountry "USA"]
[BlackCountry "USA"]
[WhiteElo "1674"]
[WhiteRD "103"]
[BlackElo "1345"]
[BlackRD "76"]
[GameID "6188"]

1. c4 e6 2. Nf3 d5 3. d4 Nf6 4. Bg5 c6 5. Nc3 Qa5 6. e3 Bb4 7. Qb3 O-O 8. a3 Bxc3+ 9. Qxc3 Qxc3+ 10. bxc3 Nbd7
11. Bd3 Re8 12. h3 c5 13. cxd5 exd5 14. Bb5 a6 15. Bxf6 gxf6 16. Bxd7 Bxd7 17. dxc5 Rab8 18. Rb1 Rec8 19. Rb6 Rc6 20. Nd4 Rxb6
21. cxb6 Rc8 22. Kd2 Rc4 23. g4 Ra4 24. Ra1 h5 25. Nf5 Bxf5 26. gxf5 Kg7 27. Kd3 Kh6 28. f3 Kg5 29. e4 Kf4 30. exd5 Ke5
31. c4 Ra5 32. f4+ Kxf5 33. Kd4 Ra4 34. Kc5 Kxf4 35. d6 Ra5+ 36. Kd4 Rg5 37. d7 Rg8 38. Kd5
1-0